| 000 | 01344nam a22003737i 4500 | ||
|---|---|---|---|
| 999 |
_c200429598 _d47522 |
||
| 001 | 200429598 | ||
| 003 | TR-AnTOB | ||
| 005 | 20230908103001.0 | ||
| 007 | ta | ||
| 008 | 180511s2017 tu a g 000 0 tur d | ||
| 040 |
_aTR-AnTOB _beng _erda _cTR-AnTOB _dTR-AnTOB |
||
| 041 | 0 | _atur | |
| 050 | 0 | 0 |
_aDJK1 _b.A97 2017 |
| 090 |
_aDJK1 _b.A97 2017 |
||
| 245 | 0 | 0 |
_aAvrasya dosyası : _bsosyo politik araştırmalar / _cASAM. |
| 246 | 3 | 4 | _aBosna-Kırım Kıbrıs-Özel |
| 264 | 1 |
_aİstanbul ; _bASAM Yayınları, _c2017. |
|
| 300 |
_a176 pages : _billustrations ; _c24 cm |
||
| 336 |
_atext _2rdacontent _btxt |
||
| 337 |
_aunmediated _2rdamedia _bn |
||
| 338 |
_avolume _2rdacarrier _bnc |
||
| 500 | _aSonbahar 2017 cilt: 10 sayı:1 | ||
| 651 | 0 |
_aSarajevo (Bosnia and Herzegovina) _xHistory _977679 |
|
| 651 | 7 |
_aSaray Bosna (Bosna-Hersek) _xTarih _2etuturkob _9119981 |
|
| 651 | 0 |
_aKıbrıs _xTarih _983822 |
|
| 651 | 0 |
_aCyprus _xHistory _962443 |
|
| 651 | 0 |
_931034 _aCrimea (Ukraine) _xHistory |
|
| 651 | 7 |
_957676 _aKırım (Ukrayna) _xTarih _2etuturkob |
|
| 651 | 7 |
_aAvrasya _xSiyaset ve yönetim _vSüreli yayınlar _2etuturkob _970104 |
|
| 651 | 7 |
_aEurasia _xPolitics and government _vPeriodicals _2etuesh _947998 |
|
| 710 | 2 |
_aAvrasya Stratejik Araştırmalar Merkezi (Türkiye) _926957 |
|
| 942 |
_2lcc _cBK |
||